[Event "GEO World Cup-A U08"]
[Site "Batumi"]
[Date "2024.06.24"]
[Round "2"]
[White "Stanisic, Lukas"]
[Black "Baranov, Prokhor"]
[Result "0-1"]
[WhiteElo "1677"]
[BlackElo "1509"]
[PlyCount "96"]
[EventDate "2024.06.23"]
[EventType "swiss"]
[EventRounds "7"]
[EventCountry "GEO"]
[SourceTitle "EXT 2025"]
[Source "ChessBase"]
[SourceDate "2024.10.14"]
[SourceVersion "1"]
[SourceVersionDate "2024.10.14"]
[SourceQuality "1"]

1. e4 c6 2. d4 d5 3. exd5 cxd5 4. c4 Nf6 5. Nc3 g6 6. Qb3 Bg7 7. cxd5 0-0 8. Be2 Nbd7 9. Bf3 Nb6 10. Nge2 Bg4 11. Bxg4 Nxg4 12. Nf4 Bxd4 13. 0-0 Bxc3 14. bxc3 Rc8 15. Rd1 Qc7 16. Bd2 Nc4 17. Qc2 Nxd2 18. Qxd2 Qxc3 19. Qe2 Nf6 20. Qxe7 Rc7 21. Qe2 Rfc8 22. d6 Rc6 23. Rab1 b6 24. d7 Rd8 25. Qe7 Rxd7 26. Rxd7 Nxd7 27. Qe8+ Kg7 28. Nh5+ gxh5 29. Qxd7 Qc1+ 30. Qd1 Qxd1+ 31. Rxd1 Rc2 32. Ra1 b5 33. h3 b4 34. f3 a5 35. Kh2 Kf6 36. a4 Ke5 37. Kg3 Kd4 38. f4 Kc3 39. Kf3 Kb3 40. Ke3 Rxg2 41. Kd3 Ra2 42. Rb1+ Kxa4 43. Kc4 b3 44. h4 Rc2+ 45. Kd3 Ka3 46. Ra1+ Ra2 47. Rb1 b2 48. Kc3 Ra1 0-1

[Event "GER-ch U08"]
[Site "Willingen"]
[Date "2024.05.24"]
[Round "5"]
[White "Stanisic, Lukas"]
[Black "Guliyev, Kamran"]
[Result "1/2-1/2"]
[WhiteElo "1677"]
[BlackElo "1106"]
[PlyCount "98"]
[EventDate "2024.05.22"]
[EventType "swiss"]
[EventRounds "7"]
[EventCountry "GER"]
[SourceTitle "CBM 220 Extra"]
[Source "ChessBase"]
[SourceDate "2024.07.31"]
[SourceVersion "1"]
[SourceVersionDate "2024.07.31"]
[SourceQuality "1"]

1. e4 e5 2. Nf3 Nc6 3. d4 exd4 4. Bc4 d6 5. Nxd4 Bd7 6. 0-0 Nf6 7. Re1 Be7 8. Nc3 0-0 9. Be3 Re8 10. Qd2 Nxd4 11. Bxd4 Bc6 12. Rad1 Qc8 13. Qg5 Qg4 14. Qe3 h6 15. h3 Qd7 16. Qg3 Bd8 17. e5 dxe5 18. Bxe5 Qf5 19. Bb3 Rc8 20. Nd5 a6 21. Nxc7 Bxc7 22. Bxc7 Ne4 23. Qf4 Qxf4 24. Bxf4 Nf6 25. Rxe8+ Rxe8 26. Bc7 Kh7 27. Ba5 Rf8 28. Bb4 Rc8 29. Bxf7 Be4 30. c3 Ne8 31. Re1 Bc6 32. Bxe8 Rxe8 33. Rxe8 Bxe8 34. Kf1 Kg6 35. Ke2 Kf6 36. Kd3 Bc6 37. g3 g5 38. Bc5 h5 39. Be3 Kf5 40. Kc4 g4 41. h4 Ke4 42. Kc5 Kd3 43. c4 Kc2 44. Bd4 Kb1 45. Kd6 Kxa2 46. Ke5 Kb3 47. c5 Kc4 48. Be3 Kb3 49. Bd4 Kc4 1/2-1/2

[Event "GER-ch U08"]
[Site "Willingen"]
[Date "2024.05.23"]
[Round "3"]
[White "Stanisic, Lukas"]
[Black "Ni, Wilhelm Zeyin"]
[Result "1/2-1/2"]
[WhiteElo "1677"]
[BlackElo "1696"]
[PlyCount "60"]
[EventDate "2024.05.22"]
[EventType "swiss"]
[EventRounds "7"]
[EventCountry "GER"]
[SourceTitle "CBM 220 Extra"]
[Source "ChessBase"]
[SourceDate "2024.07.31"]
[SourceVersion "1"]
[SourceVersionDate "2024.07.31"]
[SourceQuality "1"]

1. e4 e5 2. Nf3 Nc6 3. d4 exd4 4. Bc4 Nf6 5. e5 Ng4 6. 0-0 Be7 7. Re1 0-0 8. h3 Na5 9. Bd3 Nxf2 10. Kxf2 b6 11. Be4 Bb7 12. Qd3 h6 13. Nxd4 Bc5 14. Be3 f6 15. exf6 Qxf6+ 16. Kg1 Rae8 17. Bxb7 Bxd4 18. Bd5+ Kh8 19. Bxd4 Rxe1+ 20. Kh2 Qd6+ 21. g3 c6 22. Bg2 Kg8 23. Qc3 Qe7 24. Bxg7 Re8 25. Bxh6 Qh7 26. Qd2 R8e2 27. Qg5+ Kf7 28. Qf4+ Ke6 29. Qg4+ Qf5 30. Qg8+ Qf7 1/2-1/2

[Event "GER-ch U08"]
[Site "Willingen"]
[Date "2024.05.22"]
[Round "1"]
[White "Stanisic, Lukas"]
[Black "Wang, Kaichen"]
[Result "0-1"]
[WhiteElo "1677"]
[BlackElo "1599"]
[PlyCount "86"]
[EventDate "2024.05.22"]
[EventType "swiss"]
[EventRounds "7"]
[EventCountry "GER"]
[SourceTitle "CBM 220 Extra"]
[Source "ChessBase"]
[SourceDate "2024.07.31"]
[SourceVersion "1"]
[SourceVersionDate "2024.07.31"]
[SourceQuality "1"]

1. e4 c5 2. Nf3 a6 3. d4 cxd4 4. Nxd4 Nf6 5. Nc3 e5 6. Nb3 Bb4 7. Bd3 Bxc3+ 8. bxc3 d6 9. 0-0 0-0 10. Bg5 h6 11. Bh4 Nc6 12. h3 Re8 13. Bg3 Qe7 14. Re1 b6 15. c4 Bb7 16. Re3 Rad8 17. Rf3 a5 18. Bh4 g5 19. Bg3 Nb4 20. h4 Nxd3 21. cxd3 Bc6 22. hxg5 hxg5 23. Rf5 Nh7 24. Rf3 Bd7 25. Re3 a4 26. Nc1 b5 27. d4 bxc4 28. dxe5 dxe5 29. Qe2 Bb5 30. Bh2 c3 31. Qh5 c2 32. Re1 Qb4 33. Nd3 Rxd3 34. Rac1 Rd2 35. Qg4 Be2 36. f3 Red8 37. Bxe5 Rd1 38. Rexd1 Rxd1+ 39. Rxd1 cxd1Q+ 40. Kh2 Bxf3 41. gxf3 Qbd2+ 42. Kh3 Qh1+ 43. Kg3 Qdg2# 0-1